000 00413nam a2200181Ia 4500
001 7785
005 20260306160521.0
008 260306t2006||||xx |||||||||||||| ||spa||
041 _aESP
082 _a362.104
_bC95
100 _aCueto, Marcos
_eAUT
245 0 _aHistoria, salud y globalización
260 _c2006
300 _apágs. :
_ccm.
650 _aGEN
654 _aCPS
942 _cLIB
_dJUS
_fJUS
_2ddc
_n
999 _c7785
_d7785